<?xml version="1.0" encoding="UTF-8"?>
<collection xmlns="http://www.loc.gov/MARC21/slim">
 <record>
  <leader>04484nam a2200313 a 4500</leader>
  <controlfield tag="001">1/45289</controlfield>
  <controlfield tag="008">140822s2002    us            001 0 eng  </controlfield>
  <datafield tag="020" ind1=" " ind2=" ">
   <subfield code="a">9781931836579</subfield>
  </datafield>
  <datafield tag="020" ind1=" " ind2=" ">
   <subfield code="a">1931836574</subfield>
  </datafield>
  <datafield tag="035" ind1=" " ind2=" ">
   <subfield code="l">48249</subfield>
  </datafield>
  <datafield tag="040" ind1=" " ind2=" ">
   <subfield code="a">OPELS</subfield>
   <subfield code="b">eng</subfield>
   <subfield code="c">OPELS</subfield>
   <subfield code="d">OCLCQ</subfield>
   <subfield code="d">OCLCF</subfield>
   <subfield code="d">GR-PeUP</subfield>
  </datafield>
  <datafield tag="245" ind1="0" ind2="0">
   <subfield code="a">Sniffer Pro</subfield>
   <subfield code="h">[electronic resource] :</subfield>
   <subfield code="b">network optimization &amp; troubleshooting handbook /</subfield>
   <subfield code="c">Robert J. Shimonski ... [et al.].</subfield>
  </datafield>
  <datafield tag="260" ind1=" " ind2=" ">
   <subfield code="a">Rockland, Mass. :</subfield>
   <subfield code="b">Syngress Pub.,</subfield>
   <subfield code="c">c2002.</subfield>
  </datafield>
  <datafield tag="300" ind1=" " ind2=" ">
   <subfield code="a">1 online resource.</subfield>
  </datafield>
  <datafield tag="520" ind1=" " ind2=" ">
   <subfield code="a">The only book dedicated Sniffer, a powerful tool created for real-time enterprise network fault diagnosis and performance management. Sniffer Network Optimization and Troubleshooting Handbook introduces the reader to the vast functionality of the suite of Sniffer Solutions from Network Associates but ultimately focuses on the affordable and most widely used Sniffer Product - Sniffer Pro LAN Network Analyzer. This book will begin with the basic features of Sniffer Pro LAN and then move the reader through the impressive tips and tools available for gathering data, analyzing, troubleshooting, resolving and securing problems on their network. In today's day and age a company is judged by the quality of it is network. To ensure sustained network performance and to avoid costly network downtime, network administrators need to be proficient with advanced networking monitoring and troubleshooting solutions, like Sniffer, to be able to detect, observe, and resolve network problems before these problems impact users or customers. Sniffer from Network Associates is a suite of tools including Sniffer Portable Analysis Suite, Sniffer Distributed Analysis Suite, Sniffer Reporting, Sniffer Optical, and Sniffer Wireless. With a clear market leadership, Sniffer Solutions are employed in over 80% of the enterprise networks of the Fortune 100. Sniffer has also received wide industry acclaim from the experts and its everyday users. In 2000 Sniffer was named one of the 10 most computer products of the decade by Network Computing Magazine. It also received the &quot;Editor's Choice&quot; award from PC Magazine during the second quarter of 2001. Over 60,000 individuals have taken advantage of the educational services offered by Sniffer Technologies - aptly named Sniffer University. Coupled with the introduction of the Sniffer Certified Professional Program (SCPP) as a replacement for the popular CNX (Certified Network Expert) certification, an aptitude with Sniffer Solutions is a &quot;must-have&quot; for system administrators. Only book to offer comprehensive coverage of Sniffer Pro LAN. Supplemental study materials for the SCPP certification track. As of April 2001, the CNX certifications track became inactive. Current CNXs looking to update their certifications to the new SCPP track are going to need to bring themselves up to speed on the new offerings from the Sniffer family of products before desertification. Up to the Minute Web-based Support. Once the reader understands the concepts of network hardware, configuration, and implementation, they can receive up-to-the minute links, white papers, and analysis for one year at solutions@syngress.com.</subfield>
  </datafield>
  <datafield tag="505" ind1="0" ind2=" ">
   <subfield code="a">Chapter 1: Introduction to Sniffer -- Chapter 2: Installing Sniffer Pro -- Chapter 3:The Sniffer Pro Interface -- Chapter 4: Configuring Sniffer to Monitor Network Applications -- Chapter 5: Monitoring the Performance of the Network -- Chapter 6: Capturing Network Data for Analysis -- Chapter 7: Analyzing Network Issues -- Chapter 8: Triggers &amp; Alarms -- Chapter 9: Reporting -- Chapter 10: Using Filters -- Chapter 11 Troubleshooting Network Techniques -- Chapter 12: Troubleshooting Traffic &amp; Applications with Security in Mind -- Chapter 13: Troubleshooting Traffic for Network Optimization.</subfield>
  </datafield>
  <datafield tag="500" ind1=" " ind2=" ">
   <subfield code="a">Includes index.</subfield>
  </datafield>
  <datafield tag="500" ind1=" " ind2=" ">
   <subfield code="a">Includes link to companion website.</subfield>
  </datafield>
  <datafield tag="650" ind1=" " ind2="4">
   <subfield code="a">Computer networks</subfield>
   <subfield code="x">Maintenance and repair</subfield>
   <subfield code="v">Handbooks, manuals, etc.</subfield>
  </datafield>
  <datafield tag="650" ind1=" " ind2="4">
   <subfield code="a">Computer networks</subfield>
   <subfield code="x">Management</subfield>
   <subfield code="v">Handbooks, manuals, etc.</subfield>
  </datafield>
  <datafield tag="650" ind1=" " ind2="4">
   <subfield code="a">Network analysis (Planning)</subfield>
   <subfield code="v">Handbooks, manuals, etc.</subfield>
  </datafield>
  <datafield tag="630" ind1="0" ind2="4">
   <subfield code="a">Sniffer Pro.</subfield>
  </datafield>
  <datafield tag="655" ind1=" " ind2="4">
   <subfield code="a">Electronic books.</subfield>
  </datafield>
  <datafield tag="655" ind1=" " ind2="4">
   <subfield code="a">Handbooks, manuals, etc.</subfield>
  </datafield>
  <datafield tag="700" ind1="1" ind2=" ">
   <subfield code="a">Shimonski, Robert J.</subfield>
  </datafield>
  <datafield tag="852" ind1=" " ind2=" ">
   <subfield code="a">INST</subfield>
   <subfield code="b">UNIPILB</subfield>
   <subfield code="c">EBOOKS</subfield>
   <subfield code="e">20140822</subfield>
   <subfield code="p">00b48249</subfield>
   <subfield code="q">00b48249</subfield>
   <subfield code="t">ONLINE</subfield>
   <subfield code="y">0</subfield>
  </datafield>
  <datafield tag="856" ind1="4" ind2="0">
   <subfield code="3">ScienceDirect</subfield>
   <subfield code="u">http://www.sciencedirect.com/science/book/9781931836579</subfield>
  </datafield>
  <datafield tag="856" ind1="4" ind2=" ">
   <subfield code="d">/webopac/covers/03/48249_9781931836579.jpg</subfield>
  </datafield>
  <datafield tag="856" ind1="4" ind2=" ">
   <subfield code="d">/webopac/covers/03/48249_1931836574.jpg</subfield>
  </datafield>
 </record>
</collection>
